000 00615nam a22002177a 4500
003 UA-OsUOA
001 68325
007 ta
008 20100415b un ||||| |||| 00| 0 ukr d
100 _aБурлачов В.
090 _a330(477)
_bБ91
942 _cSA
040 _aUA-OsUOA
_bukr
_cUA-OsUOA
_dUA-OsUOA
245 _aОсобливості сучасних економічних процесів і грошово-кредитна політика
300 _aС.16-22
955 _a0
041 _aukr
080 _a330(477)
773 0 _w68322
650 7 _a330 Економіка взагалі
_2UDC
999 _c354564
_d354564